000 00930nam a22002417a 4500
999 _c63634
_d63634
005 20240530110651.0
008 171212s2015 ua a g b 000 0 ara d
017 _a21685
_bمصر. دار الكتب
020 _a9789773583217
040 _aEG-CaGPL
_cEG-CaGPL
082 0 4 _221
_a379\
_bن م
100 0 _aنبيل سعد خليل
245 1 0 _aمداخل حديثة فى ادارة المؤسسات التعليمية /
_cنبيل سعد خليل .
250 _aط.1
260 _aالقاهرة :
_bدار الفجر للنشر و التوزيع ،
_c2015 .
300 _a509 ص. ؛
_c24 سم.
504 _aيشتمل على ارجاعات ببليوجرافية
650 0 7 _2qrmak
_aالتخطيط الاستراتيجى
650 0 7 _2qrmak
_aالتعليم
_xتنظيم و ادارة
650 0 7 _2qrmak
_aالتعليم
_xمشكلات
942 _2ddc
_cBK